000 00414nam a2200145 4500
001 122447
003 ES-MaACL
005 20230906191959.0
007 t|
008 070214s1973 sp r ||||1| spa d
245 0 0 _aPueblo de dios al servicio de los hombres
_b: campaña 73-74.
260 _aMadrid :
_bAcción Católica Española,
_c1973.
300 _a162 p. ;
_c19 cm.
852 _aES-MaACL
_jC-54543
_bR.87471
999 _c122447
_d122447